Portes du périphérique de Paris - Statistiques

Statistiques générales
  • Ce quiz a été pris 4 369 fois
    3 075 depuis la dernière actualisation
  • Le résultat moyen est 20 sur 34
Statistiques - réponses
Arrondissement (N°) Sortie du périphérique % Correct
20/12 Porte de Vincennes
77%
13 Porte d'Italie
76%
17 Porte de Clichy
74%
18 Porte de Clignancourt
73%
15 Porte de la Plaine - Porte de Versailles
72%
17/18 Porte de Saint-Ouen
72%
13 Porte d'Ivry
72%
13 Quai d'Ivry
72%
18 Porte de la Chapelle
71%
14 Porte d'Orléans
71%
16/17 Porte Maillot
70%
20 Porte de Montreuil
69%
16 Porte d'Auteuil - Porte Molitor
68%
20 Porte de Bagnolet
66%
14/15 Porte Brancion - Porte de Vanves
65%
18/19 Porte d'Aubervilliers
65%
19 Porte de Pantin
65%
19/20 Porte des Lilas
64%
16 Porte de Saint-Cloud
63%
16 Porte Dauphine
58%
19 Porte de la Villette
57%
12 Porte de Bercy
56%
15 Quai d'Issy
56%
12 Porte Dorée
55%
17 Porte d'Asnières
51%
12 Porte de Charenton
50%
14 Porte de Châtillon - Porte de Montrouge
50%
17 Porte de Champerret
47%
16 Porte de Passy
40%
13/14 Porte de Gentilly
37%
16 Porte de la Muette
35%
19 Porte du Pré-Saint-Gervais
35%
15 Porte de Sèvres
34%
17 Porte des Ternes
24%
Aucun quiz correspondant
Distribution des résultats
% des personnes avec chaque résultat
Percentile par nombre de réponses
Votre historique - résultats
Vous n’avez pas pris ce quiz depuis la dernière actualisation